Prehľad múzejných riaditeľov

Bibliographic Details
Main Author: Duchoň, Jozef (Author)
Corporate Authors: Východoslovenské múzeum (Author), Hornouhorské múzeum, Košice (Author)
Format: Article
Language:Slovak
PhysicalDescription:2 obr.
Subjects:

MARC

LEADER 00000nab a2200000 a 4500
001 vtls000909926
003 SK-MaSNL
005 20260304000822.0
008 040720e20020927xo 0 slo
035 |a KE18853 
040 |a KEVKJB  |b slo  |c KEVKJB  |e AACR2 
041 0 |a slo 
044 |a xo  |c SK 
080 |a 069.02  |2 1981 
100 1 |a Duchoň, Jozef  |4 aut  |9 317656 
245 1 0 |a Prehľad múzejných riaditeľov 
300 |b 2 obr. 
610 2 7 |a Východoslovenské múzeum  |2 KEVKJB  |9 29561 
610 2 7 |a Hornouhorské múzeum (Košice, Slovensko)  |2 KEVKJB  |9 229733 
650 0 7 |a vedúci pracovníci  |2 KEVKJB  |9 59720 
650 0 7 |a prehľady  |2 KEVKJB  |9 320308 
650 0 7 |a informácie  |2 KEVKJB  |9 1285 
651 7 |a Košice (Slovensko)  |2 KEVKJB  |9 18694 
651 7 |a KE,  |2 KEVKJB  |9 877256 
655 7 |a periodikum  |2 snkbucl  |9 29553 
710 2 |a Východoslovenské múzeum  |4 aut  |9 29561 
710 2 |a Hornouhorské múzeum, Košice  |4 aut  |9 1276749 
773 0 8 |t Košický večer  |g Roč. 13  |g Roč. 34, 27.9.2002, s. 5 
773 0 8 |i Príl.:  |t Magazín. - Roč. 7, č. 39 (2002) 
852 |a ZVYKNI  |b KIS3GCP 
999 |c 2533227  |d 2535157